000 00893cam a22002653 4500
001 40812
003 BD-RjUL
005 20211209053300.0
008 160510s19511960nyu 000 0 eng
035 _a(BD-RjUL) 40927
040 _aDLC
_cDLC
_beng
_d(BD-RjUL)
041 _aeng
082 _223
_a321.8
_bSMD 1960
100 1 _aSmith, Thomas Vernor,
_d1890-1964.
_9125586
245 1 4 _aThe Democratic way of Life :
_bAn American Interpretation /
_cT.V. Smith and Eduard C. Lindeman.
260 _aNew York :
_bNew American Library of World Literature,
_cc1951 [Printing 1960]
300 _a159 p.
_c18 cm.
500 _a"A Mentor book, "
500 _a"A new Edition of a Famous Book Completely revised and expanded"
650 0 _aDemocracy.
_9125587
650 0 _aSociology.
_9125588
700 1 _aLindeman, Eduard, Jt. auth.
_9125589
942 _2ddc
_cBK
999 _c40812
_d40812